Vida y costvmbres de los romanos
Gespeichert in:
| 1. Verfasser: | |
|---|---|
| Format: | Buch |
| Sprache: | Spanisch |
| Veröffentlicht: |
Madrid
Revista de Occidente
1947
|
| Ausgabe: | 2a. ed |
| Schriftenreihe: | Viñetas Cvlturales
|
| Schlagworte: | |
| Tags: |
Tag hinzufügen
Keine Tags, Fügen Sie den ersten Tag hinzu!
|
MARC
| LEADER | 00000nam a2200000 a 4500 | ||
|---|---|---|---|
| 001 | UCP9427 | ||
| 003 | CL-VaPUC | ||
| 008 | 000324e19470000SP |||||||||||||||||spa|d | ||
| 082 | 0 | 4 | |a 937.06 |b POU |2 21 |
| 100 | 0 | |a Poulsen, Frederik |e author |9 439999 | |
| 245 | 1 | 0 | |a Vida y costvmbres de los romanos |
| 250 | |a 2a. ed | ||
| 300 | |a 285 p | ||
| 942 | |c BK | ||
| 945 | |d 20000324 00:00:00 |a rherrera | ||
| 260 | |a Madrid |b Revista de Occidente |c 1947 | ||
| 650 | 0 | |a Historia antigua |9 267521 | |
| 650 | 7 | |a ROMA |2 CL-VaPUC |9 317375 | |
| 650 | 0 | |a Imperio Romano |9 322785 | |
| 650 | 0 | |a Vida y costumbres |9 611784 | |
| 583 | |a last modification |c 20000324 00:00:00 |k Rodrigo Vera | ||
| 490 | 0 | |a Viñetas Cvlturales | |
| 999 | |c 286240 |d 286238 | ||
| 952 | |0 0 |1 0 |4 0 |6 937_060000000000000_POU_1947 |7 0 |8 X |9 331753 |a BIBHIS |b BIBHIS |d 2019-11-20 |i 1389785 |o 937.06 POU 1947 |p 1389785 |r 2024-01-30 |w 2019-11-20 |y BK_X |k HIS | ||